| 000 | 00000nam##2200000za#4500 |
| 001 | 9.619736 |
| 003 | CaOODSP |
| 005 | 20210615103639 |
| 007 | ta |
| 008 | 150406|2010||||xxc||||| f|0| 0 eng|d |
| 022 | |a0706-6473 |
| 040 | |aCaOODSP|beng |
| 043 | |an-cn--- |
| 086 | 1 |aFs97-4/2904E |
| 110 | 1 |aCanada. |bDepartment of Fisheries and Oceans. |
| 245 | 10|aMitigation guide for the protection of fishes and fish habitat to accompany the species at risk recovery potential assessments conducted by Fisheries and Oceans Canada (DFO) in Central and Arctic Region - version 1.0 / |cby G.A. Coker, D.L. Ming, and N.E. Mandrak. |
| 260 | |aBurlington - Ontario : |bFisheries and Oceans Canada |c2010. |
| 300 | |avi, 40p. : |bfigs., references, tables ; |c28 cm. |
| 490 | 1 |aCanadian manuscript report of fisheries and aquatic sciences|x0706-6473|vNo. 2904 |
| 500 | |a"Ontario Great Lakes Area, Fisheries and Oceans Canada, PO Box 5050, 867 Lakeshore Rd., Burlington, Ontario L7R 4A6". - Cover. |
| 546 | |a(Résumé en français) |
| 563 | |aSpiral binding |
| 590 | |a10-11|b2010-03-19 |
| 720 | 1 |aCoker, G. A. |
| 720 | 1 |aMandrak, N. E. |
| 720 | 1 |aMing, D.L. |
| 776 | 0#|tMitigation guide for the protection of fishes and fish habitat to accompany the species at risk recovery potential assessments conducted by Fisheries and Oceans Canada (DFO) in Central and Arctic Region - version 1.0 / |w(CaOODSP)9.580215 |
| 830 | #0|aCanadian manuscript report of fisheries and aquatic sciences,|x0706-6473|vNo. 2904|w(CaOODSP)9.514688 |